Footballeurs passés par le Paris Saint-Germain - Mort subite - Statistiques

Statistiques générales
  • Ce quiz a été pris 2 038 fois
  • Le résultat moyen est 14 sur 20
Answers on the Grid
Answers color-coded by a green-red scale on the quiz's grid according to % correct below.
Lee Kang-in
Neymar Jr.
Lionel Messi
Edinson Cavani
Bradley Barcola
Lassana Diarra
David Beckham
Stanley Nsoki
Nicolas Douchez
Maxwell
Marquinhos
Blaise Matiudi
Lucas Moura
Jean-Kévin Augustin
Marco Verratti
Gregory van der Wiel
Clément Chantôme
Mohamed Sissoko
Javier Pastore
Alphonse Areola
David Silva
Mouctar Diakhaby
Mathieu Valbuena
Maxwel Cornet
James Milner
Zuriko Davitashvili
Henrikh Mkhitaryan
Jordan Veretout
Patrik Schick
Aleksandar Kolarov
Patrick Revelli
Christian Lopez
Esad Dugalić
Cristiano Ronaldo
Thibault Courtois
 
Statistiques - réponses
Réponse % Correct
Neymar Jr.
84%
Marquinhos
83%
Blaise Matiudi
82%
Bradley Barcola
82%
Edinson Cavani
82%
Lionel Messi
82%
Marco Verratti
82%
Lee Kang-in
81%
David Beckham
78%
Javier Pastore
78%
Alphonse Areola
77%
Lucas Moura
77%
Maxwell
74%
Lassana Diarra
67%
Gregory van der Wiel
58%
Jean-Kévin Augustin
57%
Clément Chantôme
55%
Nicolas Douchez
51%
Mohamed Sissoko
39%
Stanley Nsoki
36%
Aucun quiz correspondant
Distribution des résultats
% des personnes avec chaque résultat
Percentile par nombre de réponses
Votre historique - résultats
Vous n’avez pas pris ce quiz